000 00706nam a22002417a 4500
003 0
005 20180807104145.0
008 0
010 _aA-899298
020 _a0195642562
_c00.00
035 _aA-899298, A-899299
037 _bCen Lib/Ret
040 _aDPL
_bEN
_c0
082 _a330.954
_bDAT
100 _aDatta, Bhabatosh
_97911
245 _aIndian planning at the crossroads /
_cby Bhabatosh Datta
260 _aNew Delhi
_bOxford University Press
_c1997
270 _aYMCA Library Building, Jai Singh Road
_bNew Delhi
_e110001
300 _aviii,251p.
_c21cm(Hb)
650 _aEconomic policy
_93998
650 _aEconomic history
_96496
942 _2ddc
_cEN
_h330.954
_mDAT
999 _c123748
_d123748